Jak přežít soužití s puberťákem /

Hlavní autor: Jašová, Jana, 1968-
Jazyk: Čeština
Vydáno: V Praze : Fortuna Libri, 2009
Vydání: Vyd. 1.
Edice: Taháky pro dospělé
Témata:
Fyzický popis: 123 s. : il. ; 18 cm
Knihy
Uloženo v:
LEADER 01497nam a2200457 a 4500
001 nkc20091928029
003 CZ PrNK
005 20091116080926.0
007 ta
008 090430s2009 xr a e f 000 0 cze
015 |a cnb001928029 
020 |a 978-80-7321-446-3  |q (brož.) 
035 |a (OCoLC)428367199 
040 |a OLA001  |b cze 
072 7 |a 37  |x Výchova a vzdělávání  |2 Konspekt  |9 22 
080 |a 316.346.32-053.6  |2 MRF 
080 |a 173.5/.7  |2 MRF 
080 |a 37.03-053.2  |2 MRF 
080 |a (0:82-32)  |2 MRF 
080 |a (0.062)  |2 MRF 
100 1 |a Jašová, Jana,  |d 1968-  |7 jo20000080723  |4 aut 
245 1 0 |a Jak přežít soužití s puberťákem /  |c Jana Jašová 
250 |a Vyd. 1. 
260 |a V Praze :  |b Fortuna Libri,  |c 2009 
300 |a 123 s. :  |b il. ;  |c 18 cm 
490 1 |a Taháky pro dospělé 
650 0 7 |a dospívající mládež  |7 ph114353  |2 czenas 
650 0 7 |a rodiče a děti  |7 ph116053  |2 czenas 
650 0 7 |a výchova dítěte  |7 ph127420  |2 czenas 
650 0 9 |a adolescents  |2 eczenas 
650 0 9 |a parents and children  |2 eczenas 
650 0 9 |a child rearing  |2 eczenas 
655 7 |a příběhy  |7 fd133204  |2 czenas 
655 7 |a populárně-naučné publikace  |7 fd131864  |2 czenas 
655 9 |a stories  |2 eczenas 
655 9 |a popular works  |2 eczenas 
830 0 |a Taháky pro dospělé  |0 s 
910 2 |a BOA001  |b 1-1232.451 
990 |a BK 
995 |a 01 
996 6 |b 2610395913  |c 1-1232.451  |l MZK  |r Sklad / do 1 hodiny  |n 1  |p p.v.  |w 000975527  |u 000010  |a 1  |e BOA001  |j MZK50  |s P